| 000 | 00448cam a2200145u 4500 | ||
|---|---|---|---|
| 082 |
_a944.0816 _bGOU _cL-30-II, P-116 |
||
| 100 | 1 |
_aGoutard, Adolphe. [from old catalog] _949028 |
|
| 245 | 1 | 4 | _aThe Battle of France, 1940. |
| 260 |
_aLondon, _bMuller _c[1958] |
||
| 300 |
_a280 p. _billus. _c23 cm. |
||
| 526 |
_a0 _b0 _c0 _d944_081600000000000_GOU |
||
| 650 | 0 |
_aMCE _9379 |
|
| 650 | 0 |
_aWorld War, 1939-1945 _xCampaigns _zWestern Front. |
|
| 942 |
_2ddc _cBK |
||
| 999 |
_c551864 _d551864 |
||